[Event "Nordic-ch"]
[Site "Aarhus"]
[Date "2003.09.09"]
[Round "4"]
[White "Gausel, Einar"]
[Black "Agrest, Evgenij"]
[Result "1/2-1/2"]
[WhiteElo "2533"]
[BlackElo "2605"]
[Annotator "Ribli"]
[PlyCount "70"]
[EventDate "2003.09.06"]
[EventType "tourn"]
[EventRounds "11"]
[EventCountry "DEN"]
[EventCategory "10"]
[SourceTitle "CBM 098"]
[Source "ChessBase"]
[SourceDate "2004.02.03"]

1. d4 Nf6 2. c4 e6 3. Nf3 d5 4. g3 Be7 5. Bg2 O-O 6. O-O Nbd7 7. Qc2 c6 {
Das ist die geschlossene Variante der Katalanischen Verteidigung. Die schwarze
Strategie ist die Stellung geschlossen zu halten und mit b6,Bb7,Rc8 die
Entwicklung zu beenden und im Folgenden c6-c5 zu spielen.} 8. b3 b6 9. Rd1 {
Das ist die theoretisch beste Fortsetzung. Nach dem Turmzug kann Schwarz
entweder 9...Bb7 spielen - in diesem Fall entwickelt Weiß seinen Springer auf
c3, oder nach 9...Ba6 (wie in der Partie) spielt Weiß 10.Nbd2.} Ba6 10. Nbd2
c5 11. e4 Rc8 12. exd5 exd5 13. Bb2 {Es ist logisch, dass Weiß seinen
dunkelfarbigen Läufer endlich entwickelt, aber die Alternative 13.Qf5 wurde
auch schon in einigen Partien gespielt.} (13. Qf5) 13... dxc4 {Der Textzug ist
nur eine Fortsetzung in dieser Stellung, Schwarz hat viele Alternativen.} (
13... b5) (13... cxd4) (13... Re8) (13... Bb7) 14. bxc4 {Weiß nimmt mit dem
Bauern zurück und hat keine Angst vor der strukturischen Schwächung (sein
c4P wird schwach nach 14...cxd4)} (14. d5 cxb3 15. axb3 Be2 16. Re1 Bb5 17. Nh4
Re8 18. Rxa7 Bd6 19. Raa1 Ne5 {Cvitan,O-Godena,M/Geneve op (08)/1996/1/2-1/2 
(80)}) (14. Nxc4 {Interessant, dass ich in meiner Datenbank keine Partien nach
14. Nxc4 gefunden habe.} Bb7 $11) 14... cxd4 {Schwarz muss auf d4 nehmen,
sonst kommt 15.d5 mit großem weißen Raumvorteil.} 15. Nxd4 Qc7 16. Nc6 {
[%csl Gc6]} (16. Nf5 Bb4 (16... Rfe8) 17. Ne4 Qxc4 18. Qxc4 Bxc4 19. Nxg7 Nxe4
20. Bxe4 Rc7 21. Bf5 Nc5 22. Nh5 Na4 23. Nf6+ Kg7 24. Ne8+ Kg8 25. Nxc7 $16 {
1/2-1/2 Horvath,M-Sukuba,Z/SVK 1995/EXT 2001 (72)}) 16... Rfe8 (16... Bd6 17.
Nb3 $14 {[%cal Gb3d4,Gd4b5]}) 17. Ne4 {Dieser Zug führt zu Vereinfachungen,
wonach Schwarz seine Stellung konsolidieren kann.} (17. Nb3 $5 Bf8 18. Nbd4 $14
{[%cal Gd4b5]}) 17... Nxe4 18. Nxe7+ (18. Bxe4 Nf6 $1 19. Nxe7+ (19. Bxf6 Bxf6
20. Rac1 (20. Bxh7+ Kh8 $19) 20... Rxe4 21. Qxe4 Bb7 $19 {[%csl Rc6][%cal
Rb7e4]}) 19... Qxe7 20. Bxf6 Qxe4 $17) 18... Rxe7 19. Bxe4 h6 $11 (19... Nf8
20. Bd5 Bb7 $11 (20... Bxc4 $2 21. Qc3 Ne6 22. Bxc4 Qxc4 23. Rd8+ $1 $18)) 20.
Bh7+ Kh8 21. Bf5 {[%csl Gb2,Rc4,Gf5][%cal Gf5c8,Gb2h8] Weiß hat - dank seinem
Läuferpaar - eine aktive Figurenstellung, aber die schwarze Bauernstruktur
ist besser.} Rce8 {[%csl Ge7,Ge8][%cal Ge8e1] Schwarz vermeidet die Fesselung
auf der h3-c8-Diagonale und verdoppelt die Türme auf der e-Linie.} 22. Qc3 f6
(22... Nf6 23. Rac1 $11) 23. Bg6 Rf8 24. Ba3 Nc5 {[%csl Gc5] Der c5N steht
ausgezeichnet und neutralisiert die weiße Initiative auf der a3-f8-Diagonale.}
25. Qd4 {[%cal Gd1d8] Weiß möchte den c5-Springer tauschen und eine
symmetrische Bauernstellung erreichen und die andere Idee des Textzugs ist,
dass Weiß mit der Dame auf der d-Linie eindringen möchte.} Re5 26. Rac1 Bb7 {
[%cal Gb7h1]} 27. Qd6 {Wir haben eine typische dynamisch gleiche Stellung -
die weiße Aktivität kompensiert seine strukturischen Schwächen.} Qc8 (27...
Qxd6 28. Rxd6 $11) 28. Bxc5 Rxc5 (28... Qxc5 29. Qxc5 Rxc5 30. Rd7 Ba6 31. Rxa7
Bxc4 $11) 29. Qd7 Bc6 30. Qxc8 (30. Qxa7 $2 Qh3 31. f3 Bxf3 32. Rd2 Qe6 $17)
30... Rxc8 31. Rc3 Be8 (31... Rg5 32. Bf7 $11) 32. Bxe8 Rxe8 33. Rd7 {[%csl
Gd7] Weiß kontrolliert die 7.Reihe, aber das führt nur zu Vereinfachungen
und zum Remis.} Ra5 (33... b5 34. Rxa7 Rxc4 35. Rxc4 bxc4 $11) 34. Rc2 Rc8 35.
Re2 {[%cal Re2e7,Rd7h7]} Re5 (35... Re5 36. Rxe5 fxe5 37. Rxa7 Rxc4 $11)
1/2-1/2

[Event "Nordic-ch"]
[Site "Aarhus"]
[Date "2003.09.17"]
[Round "11"]
[White "Gausel, Einar"]
[Black "Olafsson, Helgi"]
[Result "1-0"]
[WhiteElo "2533"]
[BlackElo "2498"]
[PlyCount "81"]
[EventDate "2003.09.06"]
[EventType "tourn"]
[EventRounds "11"]
[EventCountry "DEN"]
[EventCategory "10"]
[SourceTitle "CBM 098"]
[Source "ChessBase"]
[SourceDate "2004.02.03"]

1. d4 Nf6 2. Nf3 e6 3. e3 d5 4. c4 c5 5. a3 Nc6 6. dxc5 Bxc5 7. b4 Bd6 8. Bb2
O-O 9. Nbd2 b6 10. Bd3 Bb7 11. O-O Rc8 12. Qb1 h6 13. c5 Bc7 14. b5 bxc5 15.
bxc6 Bxc6 16. Qc2 Nd7 17. e4 Re8 18. exd5 exd5 19. Bh7+ Kh8 20. Bf5 Bd6 21.
Rfd1 Bf8 22. Nf1 Rb8 23. Bxd7 Qxd7 24. Ne5 Qc7 25. Nxc6 Qxc6 26. Ne3 Rbd8 27.
Rac1 Kg8 28. a4 Rd7 29. g3 Re4 30. Ba3 Qe6 31. Qb3 c4 32. Qb8 Rxe3 33. Bxf8 Rb3
34. Qc8 Kh7 35. Rxc4 dxc4 36. Qxd7 Rb1 37. Qd4 Rxd1+ 38. Qxd1 a5 39. Bc5 Qe4
40. Bd4 Kg8 41. Bc3 1-0

[Event "Nordic-ch"]
[Site "Aarhus"]
[Date "2003.09.07"]
[Round "2"]
[White "Gausel, Einar"]
[Black "Lie, Kjetil A"]
[Result "1/2-1/2"]
[WhiteElo "2533"]
[BlackElo "2440"]
[Annotator "Hazai"]
[PlyCount "128"]
[EventDate "2003.09.06"]
[EventType "tourn"]
[EventRounds "11"]
[EventCountry "DEN"]
[EventCategory "10"]
[SourceTitle "CBM 098"]
[Source "ChessBase"]
[SourceDate "2004.02.03"]

1. d4 Nf6 2. Nf3 g6 3. Bg5 Bg7 4. Nbd2 O-O 5. c3 d6 6. e3 {One has to realize
that this is in fact a Reti New York line with reversed colours, therefore the
strategies of the abovementioned opening are valid here as well.} Nbd7 (6...
Qe8 7. Bc4 e5 (7... Nbd7 {- 6...Nbd7})) 7. Bc4 {White wants to provoke Black
d6-d5 after which he can invade >< e5.} e5 (7... Qe8 8. O-O h6 9. Bh4 e5 10. b4
{- Rozentalis-Avrukh, Belgrade 1999 CBM 69} (10. e4 {- Speelman-Hebden,
Escaldes zt 1998 CBM 68})) 8. O-O Qe8 (8... h6 {in order to avoid Be3 in the
future.} 9. Bh4 Qe8 {- 7...Qe8}) 9. a4 (9. dxe5 dxe5 10. e4 (10. h3 a6 ({
Inserting} 10... h6 {looks more to the point.}) 11. e4 b5 12. Bd3 Bb7 13. Re1
Nc5 14. Bc2 Nh5 15. Be3 Ne6 16. Nb3 Qe7 17. Qc1 c5 $13 {Spangenberg-V.Dimitrov,
Linares 1994}) 10... h6 11. Bh4 (11. Be3 $143 $6 {is already weaker due to} Ng4
) (11. Bxf6 $143 {gives up the ^^ without any fight.} Nxf6 12. Qb3 Qe7 13. Rfe1
c6 14. a4 b6 {/\ a6, b5} 15. Qc2 a6 $132 {I.Kiss-Lazic, Szekszard 1994}) 11...
Nb6 (11... Nh5 $5) 12. Bb3 a5 13. a4 Bd7 (13... Nh5 $5) 14. Bxf6 Bxf6 {^^} 15.
Nc4 Nxc4 16. Bxc4 {1/2-1/2 Hug-Gallagher, Switzerland chT 1997}) (9. Bh4 e4 {
Black gains space in the [+], but White can attack e4 in the future.} (9... h6
{- 7...Qe8}) 10. Ne1 Nb6 (10... Kh8 {/\ Ng8, f5 but this temporarily drives
the N away from the [+].} 11. Nc2 Nb6 (11... a6 12. Be2 Ng8 13. Nb4 (13. f3 $5
f5 14. fxe4 fxe4 15. Rxf8 Nxf8 {and it is not easy to put more pressure on ><
e4.}) 13... Nb6 14. Nc4 Nxc4 15. Bxc4 Ne7 16. Nd5 Nxd5 (16... Nf5 17. Nxc7 $5 {
requires concrete calculation.} (17. Bg5 Qc6 $13 {Popchev-Paragua, Nice 2003})
17... Qc6 18. Nxa8 Nxh4 (18... Qxc4 19. Nb6 Qc7 20. Nxc8 Nxh4 21. Qg4) 19. Qb3)
17. Bxd5 f5 $11 {is the simple way for equalization.}) (11... Ng8 12. f3) 12.
Be2 Bf5 {Black wants to avoid d6-d5, because then after Bg3 the dark-squared B
becomes very active.}) 11. Be2 Bf5 $13) (9. e4 h6 (9... a6 10. Re1 b6 (10... h6
11. Bh4 b6 {avoids the possibility of Be3, where the B is better situated.}) (
10... b5 $5) 11. Qc2 Bb7 12. a4 (12. h3 $5 h6 13. Be3 {deserves attention, as
it was mentioned before.}) 12... h6 13. Bh4 {The B is a bit outposted here, it
can easily be exchanged.} Nh5 {>< f4} 14. Nf1 Nf4 15. Bg3 Nh5 16. Bh4 Nf4 17.
Ne3 (17. Bg3 {leads to a threefold repetition of moves.}) 17... Nf6 18. d5 {
It is not so easy for White to find a breakthrough on the <<.} Nh7 19. Nd2 Bc8
20. Bf1 f5 $13 {Timman-Van der Weide, Rotterdam 1998}) 10. Bh4 (10. Be3 $2 Ng4)
10... Nh5 11. Re1 Bf6 {The exchange of the dark-squared B brings some relief
for Black.} 12. a4 a5 13. Bb3 Nb6 14. Nc4 Nxc4 15. Bxc4 Qe7 {1/2-1/2
Speelman-Cvitan, Luzern 1997}) (9. Ne1 {/\ Nc2, but this manoeuvre is logical
only in case of e5-e4.} Kh8 10. Nc2 h6 11. Bh4 Nh7 {/\ f5, so White has to
react in the [+].} 12. e4 f5 13. exf5 gxf5 14. dxe5 Nxe5 (14... dxe5 15. f4 e4
16. Ne3 {successfully blockading the defended o^.}) 15. f4 Nxc4 16. Nxc4 Qb5 $1
$13 {^^} (16... b5 {allows the white knights to invade >< c6.} 17. Na5 Qe4 18.
Qd2 Be6 19. Nb4 Rae8 20. Nac6 $14 {Piankov-Chatalbashev, Guingamp 2001})) 9...
a5 {Black wants to avoid a4-a5, but weakens >< b5.} (9... h6 10. Bh4 Kh8 {
is the typical plan in the Reti and if} 11. a5 {then already} a6) 10. Qc2 Nb6 (
10... Kh8 {deserves attention again, Black wants to prepare f7-f5.} 11. e4 h6
12. Bh4 {The B is not well-placed here.} Nh5 {Even} 13. dxe5 {can be met by
the previous idea:} ({On} 13. Rfe1 g5 {requires a lot of calculation. The idea
is anti-positional, but makes a blow on White's [+].} 14. Bg3 g4 15. Nh4 Nxg3
16. hxg3 exd4 17. cxd4 Bxd4 18. Nf5 Be5 19. Nxh6 (19. Be2 Nf6 20. Qxc7 Qc6 $13)
19... Nf6 $13) 13... g5 14. Bg3 g4 15. Nh4 Nxg3 16. hxg3 Nxe5 17. Be2 Be6 18.
f4 gxf3 19. gxf3 $13) 11. Bb3 (11. Bb5 {provoking some weaknesses.} c6 (11...
Bd7) 12. Be2 e4 13. Ne1 d5 14. Bf4 $14 {and the B is excellent on the h2-b8 /^.
}) 11... Bd7 {The pressure on >< a4 is not serious.} (11... h6 $4 {is already
a blunder because of} 12. Bxf6 Bxf6 13. Qxg6+ $18) (11... Kh8 {was again a
possible plan.}) 12. e4 (12. Rfe1 {is a suitable "waiting move".}) (12. dxe5
dxe5 13. e4 h6 {can already met by the more active.} 14. Be3 $14) 12... h6 13.
Bh4 (13. Be3 $6 {is now answered by} Ng4) 13... Nh5 14. dxe5 (14. Rfe1 Kh8)
14... dxe5 15. Rfe1 Kh7 {This is a matter of taste.} ({I would prefer} 15...
Kh8) 16. Nc4 Nxc4 17. Bxc4 g5 18. Bg3 Rd8 19. Qb3 b6 20. Bb5 {The idea of
exchanging the light-squared B is good for White, but probably it was better
to postpone it.} (20. Rad1 $1 {looked better.}) 20... Bxb5 (20... Be6 $1 {
avoiding the exchange of the B looks better from strategical point of view.})
21. axb5 Qe7 22. Rad1 f6 {Both bishops look ugly, but the white one can be
improved.} 23. Qc4 (23. Nd2 $1 $16 {immediately conquering the light squares
looks more to the point.}) 23... Rxd1 24. Rxd1 Rd8 25. Rd3 Rxd3 26. Qxd3 Bf8
27. Qe2 ({Still} 27. Nd2 $1 {was required.}) 27... Ng7 28. h4 {following the
wrong plan.} (28. Nd2) 28... Kg6 29. hxg5 hxg5 30. Nh2 Qe6 31. c4 (31. Ng4)
31... Bc5 {Now which B is the bad one?!} 32. b3 Ne8 33. Ng4 Nd6 34. Qf3 Nf7 35.
Kh1 Nh6 36. Nxh6 Kxh6 $11 {After the exchange of N White cannot be better, and
at the end Black will win a P, but even so the _|_ remains drawish.} 37. Bh2
Kg7 38. Qe2 Qd7 39. g4 Qd4 40. Kg2 Qc3 41. Qf3 Qc2 42. Bg3 a4 43. bxa4 Qxc4 44.
Qf5 Qxa4 45. Qd7+ Kh6 46. Qc6 Bd6 47. f3 Qa2+ 48. Bf2 Qe6 $15 49. Kg3 Kg7 50.
Kg2 Kf7 51. Kg3 Ke7 52. Kg2 Qd7 53. Qc4 Qe6 54. Qc6 Qa2 55. Kg3 Qd2 56. Qc4 Qb4
57. Qc6 Qa5 58. Kg2 Kd8 59. Kg3 Kc8 60. Qe8+ Kb7 61. Qc6+ Kb8 62. Qe8+ Ka7 63.
Qc6 Qa3 64. Bg1 Qa5 1/2-1/2

[Event "Nordic-ch"]
[Site "Aarhus"]
[Date "2003.09.14"]
[Round "8"]
[White "Hansen, Curt"]
[Black "Lehtinen, Heikki"]
[Result "1-0"]
[WhiteElo "2618"]
[BlackElo "2362"]
[Annotator "Atlas,V"]
[PlyCount "67"]
[EventDate "2003.09.06"]
[EventType "tourn"]
[EventRounds "11"]
[EventCountry "DEN"]
[EventCategory "10"]
[SourceTitle "CBM 098"]
[Source "ChessBase"]
[SourceDate "2004.02.03"]

1. d4 d6 2. Nf3 g6 3. c4 Bg7 4. Nc3 e5 5. e4 exd4 6. Nxd4 Nc6 7. Be3 Nge7 8. h4
f5 9. h5 fxe4 10. hxg6 hxg6 11. Rxh8+ Bxh8 12. Nxe4 Bf5 13. Nxf5 gxf5 14. Qh5+
Kd7 15. O-O-O Qg8 16. Nc5+ Kc8 17. Ne6 Kd7 18. Nf4 Ne5 19. Qe2 Re8 20. Kb1 Ng4
21. Bc1 Nh2 22. c5 d5 23. Qb5+ Kc8 24. Bd3 c6 25. Qa4 Ng4 $2 ({This careless
move allows White to develop irresistible attack on the queenside. Essential
was Nach dieser Sorglosigkeit kommt Weiß zu unwiderstehlichem Angriff am
Damenflügel. Notwendig war} 25... Kb8) 26. Qxa7 $1 Nxf2 ({Auf} 26... Ne5 {
, intending to involve the knight in the defense, is strongly met by mit der
Absicht, den Springer in die Verteidigung einzubeziehen, folgt stark} 27. Re1
$1 {, and Black cannot parry White's manifold threats. , wonach Schwarz die
vielfältigen gegnerischen Drohungen nicht parieren kann.}) {[%tqu "White's
attack needs extra power. How can White fuel it up?","Try to bring more
resources into the attack!","Sacrifice your rook!",Bd2,"After this brilliant
move the black king is doomed.",6]} 27. Bd2 $3 {[%csl Ga7,Rb7,Rc8,Gd2,Gd3,Gf4]
[%cal Gd2a5] This terrific move, bringing White's dark-squared bishop into
attack, spells a quick end for the black king. Dieser fabelhafte Zug, der den
schwarzfeldrigen Läufer des Weißen in den Angriff einschaltet, verheißt ein
schnelles Ende für den schwarzen König.} Be5 (27... Rf8 {fails to scheitert
an} 28. Qa8+ Kd7 29. Qxb7+ Ke8 30. Be2 {, and Black's position is defenseless.
und Schwarz ist wehrlos.}) ({After Nach} 27... Nxd1 {, White forces mate in
four: erzwingt Weiß ein Matt in vier:} 28. Qa8+ Kc7 29. Ba5+ b6 30. Bxb6+ Kd7
31. Qb7#) 28. Qa8+ Bb8 {[%tqu "How can White exploit the shaky position of the
enemy king?","It's time for the light-squared bishop to jump into action...",
"Sacrifice your bishop!",Ba6,"The final culmination! This terrific bishop
thrust crowns White's brilliant combination.",6]} 29. Ba6 $3 {[%csl Ga6,Ga8,
Rb7,Rc8,Gd2,Gf4] The decisive blow, dissolving Black's last illusions. Der
entscheidende Schlag, der Schwarz seiner letzten Illusionen beraubt.} bxa6 30.
Ba5 $3 {[%csl Ga5,Ra6,Ga8,Rb7,Rb8,Rc8,Gf4][%cal Ga5d8] The last finesse. To
avoid checkmate, Black has to suffer huge material losses. Die letzte Feinheit.
Um das Matt zu vermeiden muss Schwarz riesige Materialverluste in Kauf nehmen.}
Rd8 (30... Nxd1 {leads to mate in three: führt dreizügig zum Matt.} 31. Qxa6+
Kd7 32. Qb7+ Bc7 33. Qxc7#) (30... Rf8 {is elegantly refuted by wird elegant
widerlegt mit} 31. Nxd5 $1 cxd5 (31... Nxd5 32. Qxc6+ Nc7 33. Bxc7 Bxc7 34.
Qxa6+ Kb8 35. c6 {, with inevitable mate. mit undeckbarem Matt.}) 32. c6 {
, with mate in two. nebst Matt in zwei.}) 31. Qxa6+ Kd7 32. Qb7+ Ke8 33. Bxd8
Qg5 34. Re1 {, and Black resigned in this absolutely hopeless position. und in
dieser völlig hoffnungslosen Stellung gab Schwarz auf.} 1-0

[Event "Nordic-ch"]
[Site "Aarhus"]
[Date "2003.09.15"]
[Round "9"]
[White "Hector, Jonny"]
[Black "Naes, Flovin Tor"]
[Result "1-0"]
[WhiteElo "2538"]
[BlackElo "2330"]
[PlyCount "297"]
[EventDate "2003.09.06"]
[EventType "tourn"]
[EventRounds "11"]
[EventCountry "DEN"]
[EventCategory "10"]
[SourceTitle "CBM 098"]
[Source "ChessBase"]
[SourceDate "2004.02.03"]

1. e4 e5 2. Nf3 Nc6 3. Nc3 Nf6 4. g3 d5 5. exd5 Nxd5 6. Bg2 Nxc3 7. bxc3 Bd6 8.
O-O O-O 9. Rb1 b6 10. d4 exd4 11. cxd4 Bb7 12. c4 Na5 13. c5 Be7 14. Bd2 Nc4
15. Bc3 Bd5 16. Re1 Re8 17. Qd3 f6 18. Nh4 Qd7 19. Rb4 Na5 20. Rb2 Nc6 21. Rbe2
Rad8 22. Be4 Bxe4 23. Rxe4 Qd5 24. cxb6 axb6 25. Qf3 g6 26. Re6 Qxf3 27. Nxf3
Rd6 28. d5 Rxe6 29. Rxe6 Nd8 30. Re4 Kf8 31. Rc4 Nf7 32. Rxc7 Rd8 33. Nd4 Rxd5
34. Kg2 Ke8 35. Rb7 Nd6 36. Rxb6 Ne4 37. Ba1 Kd7 38. Rb7+ Ke8 39. f3 Nd6 40.
Ra7 Nc4 41. f4 f5 42. Ra8+ Kf7 43. Ra4 Nd2 44. Ra7 Rc5 45. Kf2 Ke8 46. Bb2 Rd5
47. Ke2 Ne4 48. Nf3 h6 49. a4 g5 50. Ra8+ Kd7 51. Rh8 gxf4 52. gxf4 Rc5 53. Kd3
Nf2+ 54. Kd4 Rc2 55. Ne5+ Ke6 56. Bc3 Ra2 57. Rxh6+ Bf6 58. Kc4 Rxa4+ 59. Bb4
Ng4 60. Nxg4 fxg4 61. Kb3 Ra6 62. Bc3 Kf5 63. Kc2 Ra2+ 64. Kb1 Ra6 65. Kc1 Kxf4
66. Bxf6 Kf3 67. Kc2 Ke4 68. Kd2 Kf3 69. Kd3 Rd6+ 70. Kc4 Ke4 71. Kc5 Re6 72.
Kb4 Rc6 73. Kb5 Rd6 74. Kc4 Rc6+ 75. Kb3 Re6 76. Kc3 Rd6 77. Kc2 Kf3 78. Rg6
Ke4 79. Rh6 Kf3 80. Kb3 Rc6 81. Rg6 Ke4 82. Rh6 Kf3 83. Kb4 Ke4 84. Kb5 Rd6 85.
Kc4 Rc6+ 86. Kb4 Rd6 87. Kb5 Re6 88. Kc5 Ra6 89. Kc4 Rc6+ 90. Kb3 Re6 91. Kc2
Rd6 92. Kc3 Kf3 93. Rg6 Ke4 94. Rxg4+ Kf5 95. Be7 Rd7 96. Rg7 Ke6 97. Bf8 Rd8
98. Bc5 Rc8 99. Kd4 Rd8+ 100. Ke4 Rh8 101. Rg2 Rh4+ 102. Kd3 Kf5 103. Be3 Rh3
104. Ke2 Ke4 105. Rg4+ Kf5 106. Rf4+ Ke5 107. Rf2 Ke4 108. Bf4 Rh7 109. Bg3 Rh8
110. Kf1 Rh7 111. Kg2 Ke3 112. h4 Ke4 113. Kh3 Ke3 114. Rf6 Ke4 115. Bf4 Kf3
116. Bg5+ Ke4 117. Kg4 Ke5 118. Rf2 Ke4 119. Re2+ Kd5 120. h5 Kd6 121. Kf5 Kd5
122. Kg6 Ra7 123. h6 Kd6 124. Bf6 Kd5 125. h7 Ra8 126. h8=Q Rxh8 127. Bxh8 Kd6
128. Kf5 Kd7 129. Be5 Kc6 130. Rd2 Kc5 131. Ke6 Kc4 132. Kd6 Kb3 133. Kd5 Kb4
134. Rc2 Kb3 135. Rc8 Kb4 136. Bh2 Kb3 137. Rc7 Kb4 138. Bg3 Kb3 139. Kd4 Kb2
140. Kd3 Kb1 141. Kd2 Kb2 142. Rb7+ Ka3 143. Kc3 Ka4 144. Rb1 Ka5 145. Kc4 Ka6
146. Kc5 Ka7 147. Kc6 Ka8 148. Kc7 Ka7 149. Ra1# 1-0

[Event "Nordic-ch"]
[Site "Aarhus"]
[Date "2003.09.15"]
[Round "9"]
[White "Kallio, Heikki"]
[Black "Schandorff, Lars"]
[Result "1/2-1/2"]
[WhiteElo "2471"]
[BlackElo "2525"]
[PlyCount "127"]
[EventDate "2003.09.06"]
[EventType "tourn"]
[EventRounds "11"]
[EventCountry "DEN"]
[EventCategory "10"]
[SourceTitle "CBM 098"]
[Source "ChessBase"]
[SourceDate "2004.02.03"]

1. c4 Nf6 2. Nc3 e6 3. d4 Bb4 4. Qc2 O-O 5. a3 Bxc3+ 6. Qxc3 b6 7. Bg5 Bb7 8.
e3 d6 9. f3 h6 10. Bh4 Nbd7 11. Qc2 c5 12. dxc5 bxc5 13. Ne2 Qb6 14. Nc3 d5 15.
Bd3 Ne5 16. Bxf6 gxf6 17. cxd5 c4 18. Be2 Qxe3 19. Nd1 Qg5 20. Rf1 Bxd5 21. f4
Nd3+ 22. Bxd3 cxd3 23. Qd2 Qh4+ 24. g3 Qh5 25. Rf2 Qf5 26. Nc3 Bb7 27. O-O-O
Rfd8 28. Rg1 Rac8 29. g4 Qd5 30. Kb1 Qb3 31. g5 fxg5 32. fxg5 Qc2+ 33. Qxc2
dxc2+ 34. Kxc2 hxg5 35. Rxg5+ Kf8 36. Rf4 Ba6 37. Ra5 Bd3+ 38. Kb3 a6 39. Na4
Bb5 40. Nc3 Bd3 41. Na4 Ke7 42. Nc5 Rc6 43. a4 Rd5 44. Kc3 e5 45. Rh4 Bf1 46.
b4 Rf6 47. Ne4 Rf3+ 48. Kb2 Rxa5 49. bxa5 Rh3 50. Rg4 Rxh2+ 51. Kc3 f5 52. Rg7+
Ke6 53. Rg6+ Ke7 54. Ng3 Rf2 55. Nxf1 Rxf1 56. Rxa6 Ra1 57. Rh6 Rxa4 58. a6 Kf7
59. Kb3 Ra1 60. Kc4 Kg7 61. Re6 f4 62. Kb5 f3 63. Rxe5 f2 64. Rf5 1/2-1/2

[Event "Nordic-ch"]
[Site "Aarhus"]
[Date "2003.09.13"]
[Round "7"]
[White "Kallio, Heikki"]
[Black "Stefansson, Hannes"]
[Result "1/2-1/2"]
[WhiteElo "2471"]
[BlackElo "2560"]
[PlyCount "97"]
[EventDate "2003.09.06"]
[EventType "tourn"]
[EventRounds "11"]
[EventCountry "DEN"]
[EventCategory "10"]
[SourceTitle "CBM 098"]
[Source "ChessBase"]
[SourceDate "2004.02.03"]

1. e4 c5 2. Nf3 e6 3. d4 cxd4 4. Nxd4 Nc6 5. Nc3 Qc7 6. f4 a6 7. Nxc6 Qxc6 8.
Be2 b5 9. Bf3 Bb7 10. Be3 b4 11. e5 Qc7 12. Ne4 Rc8 13. Bd4 Bxe4 14. Bxe4 Bc5
15. O-O d5 16. exd6 Qxd6 17. Bf2 Bxf2+ 18. Rxf2 Qb6 19. f5 Nf6 20. fxe6 O-O 21.
Qf3 fxe6 22. Raf1 Qd4 23. Bd3 e5 24. Bf5 Rcd8 25. c3 Qb6 26. Qe2 bxc3 27. Qxe5
Kh8 28. bxc3 Rd5 29. Qf4 Nd7 30. Qb4 Qe3 31. Qe4 Qc5 32. Bg4 Rd2 33. Be2 a5 34.
Bd3 g6 35. Be2 Rxa2 36. Qd4+ Qxd4 37. cxd4 Rxf2 38. Kxf2 Nf6 39. Rc1 a4 40. Kf3
Rd2 41. Ke3 Rb2 42. Bf3 g5 43. Rc8+ Kg7 44. Ra8 Rb3+ 45. Kd2 a3 46. Kc2 Re3 47.
Kd2 Rb3 48. Kc2 Re3 49. Kd2 1/2-1/2

[Event "Nordic-ch"]
[Site "Aarhus"]
[Date "2003.09.08"]
[Round "3"]
[White "Kallio, Heikki"]
[Black "Palo, Davor"]
[Result "1/2-1/2"]
[WhiteElo "2471"]
[BlackElo "2510"]
[PlyCount "105"]
[EventDate "2003.09.06"]
[EventType "tourn"]
[EventRounds "11"]
[EventCountry "DEN"]
[EventCategory "10"]
[SourceTitle "CBM 098"]
[Source "ChessBase"]
[SourceDate "2004.02.03"]

1. d4 Nf6 2. c4 e6 3. Nf3 b6 4. g3 Ba6 5. b3 b5 6. cxb5 Bxb5 7. Bg2 d5 8. O-O
Nbd7 9. Nc3 Ba6 10. Na4 Bd6 11. Bb2 O-O 12. Rc1 Ne4 13. Ne5 Bb5 14. Nxd7 Bxd7
15. Bxe4 dxe4 16. Nc5 f5 17. Rc4 Qe8 18. Nxd7 Qxd7 19. f4 exf3 20. exf3 Qb5 21.
Qe2 Qd5 22. Re1 Rf6 23. Bc1 Rg6 24. f4 Rb8 25. Qg2 Kf7 26. Bd2 h5 27. h4 Rb7
28. Kh2 Rh6 29. Ra4 Qxg2+ 30. Kxg2 Rh8 31. Rc1 Ra8 32. Rcc4 Ke7 33. Kf3 Kd7 34.
Ke2 a6 35. Kd3 Rb5 36. Bb4 Bxb4 37. Rcxb4 Rxb4 38. Rxb4 Kc6 39. Rc4+ Kd6 40.
Ra4 Kc6 41. Ra5 Kd6 42. Kc4 c6 43. Ra4 Kd7 44. Kc5 Kc7 45. b4 Ra7 46. Ra3 Ra8
47. Ra5 Kd7 48. a4 g6 49. Kc4 Kc7 50. Kc3 Kd6 51. Kb3 Kd7 52. Ka3 Kc7 53. Kb3
1/2-1/2